| 000 | 01320cam a2200301 i 4500 | ||
|---|---|---|---|
| 999 |
_c130170 _d130170 |
||
| 001 | 3656208 | ||
| 003 | ARRUPE | ||
| 005 | 20200122100836.0 | ||
| 008 | 760331s1975 enkaf 001 0aeng | ||
| 010 | _a 76357480 | ||
| 015 | _aGB*** | ||
| 020 |
_a0434348619 : _c£4.90 |
||
| 040 |
_aDLC _cDLC _dDLC |
||
| 050 | 0 | 0 |
_aDA552 _b.A38 1975 |
| 082 | 0 | 0 | _a941.081/092/4 |
| 100 | 0 |
_aVictoria, _cQueen of Great Britain, _d1819-1901. _948982 |
|
| 245 | 1 | 0 |
_aAdvice to a grand-daughter : _bletters from Queen Victoria to Princess Victoria of Hesse / _cselected and with a commentary by Richard Hough ; with a foreword by the Princess's grand-daughter the Lady Brabourne. |
| 260 |
_aLondon : _bHeinemann, _c1975. |
||
| 300 |
_axx, 156 p., [12] leaves of plates _bill. ; _c24 cm. |
||
| 500 | _aIncludes index. | ||
| 600 | 0 | 0 |
_aVictoria, _cQueen of Great Britain, _d1819-1901 _xCorrespondence. _949012 |
| 600 | 2 | 0 |
_aMilford Haven, Victoria Alberta Elizabeth Mathilde Marie, _cMarchioness of, _d1863-1950 _xCorrespondence. _949013 |
| 650 | 0 |
_aQueens _zGreat Britain _xCorrespondence. _949014 |
|
| 700 | 2 |
_aMilford Haven, Victoria Alberta Elizabeth Mathilde Marie, _cMarchioness of, _d1863-1950. _948966 |
|
| 700 | 1 |
_aHough, Richard, _d1922-1999. _948964 |
|
| 906 |
_a7 _bcbc _corignew _d3 _encip _f19 _gy-gencatlg |
||
| 942 |
_2lcc _cMONOGRAPH |
||